| Tag |
First Indicator |
Second Indicator |
Subfields |
| LEADER |
00000cam a22000004a 4500 |
| 001 |
in00003388872 |
| 006 |
m d |
| 007 |
cr |||||||nn|n |
| 008 |
011025s2002 tnu o d eng d |
| 005 |
20260608205113.6 |
| 010 |
|
|
|z 2001006528
|
| 020 |
|
|
|a 9780826591487
|
| 020 |
|
|
|z 0826513883 (cloth : alk. paper)
|
| 020 |
|
|
|z 0826513891 (pbk.)
|
| 020 |
|
|
|z 9780826513885
|
| 035 |
|
|
|a (MdBmJHUP)muse9780826591487
|
| 040 |
|
|
|a MdBmJHUP
|c MdBmJHUP
|d UtOrBLW
|
| 043 |
|
|
|a n-us-la
|
| 050 |
0 |
0 |
|a LC214.22.L8
|b B35 2002
|
| 082 |
0 |
0 |
|a 379.2/63/09763
|2 21
|
| 100 |
1 |
|
|a Bankston, Carl L.
|q (Carl Leon),
|d 1952-
|
| 245 |
1 |
2 |
|a A troubled dream :
|b the promise and failure of school desegregation in Louisiana /
|c Carl L. Bankston III and Stephen J. Caldas.
|
| 264 |
|
1 |
|a Nashville :
|b Vanderbilt University Press,
|c 2002.
|
| 300 |
|
|
|a 1 online resource (xiv, 268 pages :) :
|b illustrations, maps
|
| 336 |
|
|
|a text
|b txt
|2 rdacontent
|
| 337 |
|
|
|a computer
|b c
|2 rdamedia
|
| 338 |
|
|
|a online resource
|b cr
|2 rdacarrier
|
| 504 |
|
|
|a Includes bibliographical references and index.
|
| 505 |
8 |
|
|a Machine generated contents note: Introduction -- The Problem of Writing about Race 1 --1 Louisiana's Schools Prior to Desegregation: -- The Roots of a Racially Divided Society 21 --2 The Struggle to Desegregate the Schools: -- Overcoming Injustice through the Schools 37 --3 New Orleans: The Beginning -- and the End of a Process 54 --4 East Baton Rouge: School Desegregation -- and Unintended Consequences 83 --5 School Desegregation and White Flight in Lafayette Parish 106 --6 Louisiana and the Dilemma of Desegregation 140 --7 The Academic Consequences of Desegregation and Resegregation: Revisiting the Harm and Benefit Thesis 186 --8 Recommendations 205 --Appendix A: Single-Parent Families and Educational Environment 223 --Appendix B: Multilevel Statistical Examination of the Harm and Benefit Thesis 231.
|
| 588 |
|
|
|a Description based on print version record.
|
| 500 |
|
|
|a Electronic resource.
|
| 650 |
|
0 |
|a Segregation
|z Louisiana
|x History.
|
| 650 |
|
0 |
|a School integration
|z Louisiana
|x History.
|
| 655 |
|
7 |
|a Electronic books.
|2 local
|
| 700 |
1 |
|
|a Caldas, Stephen J.,
|d 1957-
|
| 856 |
4 |
0 |
|u http://proxy.library.tamu.edu/login?url=https://muse.jhu.edu/books/9780826591487/
|z Connect to the full text of this electronic book
|t 0
|
| 999 |
|
|
|a MARS
|
| 999 |
f |
f |
|s 20c1b9c3-6442-3868-bacc-b88d74182e27
|i ef82f501-6d46-36a7-b3e9-2e4eea0b3269
|t 0
|
| 952 |
f |
f |
|a Texas A&M University
|b College Station
|c Electronic Resources
|s www_evans
|d Available Online
|t 0
|e LC214.22.L8 B35 2002
|h Library of Congress classification
|
| 998 |
f |
f |
|a LC214.22.L8 B35 2002
|t 0
|l Available Online
|